Marvel Cinematic Universe Villians - Statistics

General Stats
  • This quiz has been taken 1,058 times
    446 since last reset
  • The average score is 23 of 35
Answer Stats
Film Villain % Correct
Avengers: Infinity War and Endgame Thanos
94%
Avengers: Age of Ultron Ultron
93%
Thor and The Avengers Loki
92%
Captain: America: The First Avenger Red Skull
86%
Captain America: The Winter Soldier Winter Soldier
82%
Black Panther Erik Killmonger
80%
Thor: Ragnarok Hela
80%
Spider-Man: Far From Home Mysterio
80%
Spider-Man: Homecoming Vulture
80%
Spider-Man: No Way Home Green Goblin
78%
The Incredible Hulk Abomination
77%
Guardians of the Galaxy Vol. 2 Ego the Living Planet
74%
The Fantastic Four: First Steps Galactus
73%
Doctor Strange in the Multiverse of Madness Scarlet Witch
72%
Iron Man 2 Whiplash
72%
Captain America: Brave New World Red Hulk
71%
Iron Man 3 Aldrich Killian
70%
Guardians of the Galaxy Ronan the Accuser
70%
Ant-Man Yellowjacket
70%
Ant-Man and the Wasp: Quantumania Kang the Conqueror
66%
Iron Man Iron Monger
65%
Shang-Chi and the Legend of the Ten Rings Wenwu
65%
Captain America: Civil War Baron Zemo
64%
Black Panther: Wakanda Forever Namor
62%
Thor: Love and Thunder Gorr the God Butcher
60%
Ant-Man and the Wasp Ghost
59%
Thunderbolts* Sentry
56%
Black Widow Taskmaster
49%
Thor: The Dark World Malekith
45%
Deadpool & Wolverine Cassandra Nova
36%
Guardians of the Galaxy Vol. 3 High Evolutionary
36%
Doctor Strange Kaecilius
34%
Eternals Ikaris
29%
Captain Marvel Yon-Rogg
24%
The Marvels Dar-Benn
17%
No matching quizzes found
Score Distribution
Percent of People with Each Score
Percentile by Number Answered
Your Score History
You have not taken this quiz since the last reset